[Event "Muensterland Verbandsklasse-B 0506"]
[Site "Germany"]
[Date "2006.02.11"]
[Round "6.3"]
[White "Kijak, Hans Joachim"]
[Black "Richters, Alfred"]
[Result "1/2-1/2"]
[WhiteElo "1797"]
[BlackElo "1916"]
[PlyCount "29"]
[EventDate "2005.09.03"]
[EventType "team"]
[EventRounds "9"]
[EventCountry "GER"]
[SourceTitle "EXT 2006"]
[Source "ChessBase"]
[SourceDate "2005.11.24"]
[SourceVersion "1"]
[SourceVersionDate "2005.11.24"]
[SourceQuality "1"]
[WhiteTeam "Luedinghausen"]
[BlackTeam "Suedlohn II"]
[WhiteTeamCountry "GER"]
[BlackTeamCountry "GER"]

1. d4 e6 2. e3 f5 3. f4 b6 4. Nf3 Bb7 5. Nbd2 Nf6 6. Bd3 c5 7. c3 Qc7 8. a3 Be7 9. Qe2 0-0 10. Ne5 Nc6 11. Ndf3 Rac8 12. Nxc6 Bxc6 13. Bd2 c4 14. Bc2 Bd5 15. 0-0 1/2-1/2

[Event "Muensterland Verbandsklasse-B 0405"]
[Site "Muensterland"]
[Date "2005.03.05"]
[Round "7.4"]
[White "Kijak, Hans Joachim"]
[Black "Ter Horst, Carsten"]
[Result "1/2-1/2"]
[WhiteElo "1913"]
[BlackElo "1841"]
[PlyCount "27"]
[EventDate "2004.09.11"]
[EventType "team"]
[EventRounds "9"]
[EventCountry "GER"]
[SourceTitle "EXT 2006"]
[Source "ChessBase"]
[SourceDate "2005.11.24"]
[SourceVersion "1"]
[SourceVersionDate "2005.11.24"]
[SourceQuality "1"]
[WhiteTeam "Luedinghausen"]
[BlackTeam "Stadtlohn"]
[WhiteTeamCountry "GER"]
[BlackTeamCountry "GER"]

1. Nf3 d5 2. g3 Nf6 3. Bg2 e6 4. d4 Be7 5. 0-0 0-0 6. Bg5 h6 7. Bxf6 Bxf6 8. Nbd2 Nd7 9. c4 dxc4 10. Nxc4 c5 11. dxc5 Nxc5 12. Qc2 Bd7 13. Nce5 Rc8 14. Rfd1 1/2-1/2

[Event "Muensterland Verbandsklasse-B 0405"]
[Site "Muensterland"]
[Date "2005.02.12"]
[Round "6.6"]
[White "Weskamp, Matthias"]
[Black "Kijak, Hans Joachim"]
[Result "1-0"]
[WhiteElo "1679"]
[BlackElo "1913"]
[PlyCount "89"]
[EventDate "2004.09.11"]
[EventType "team"]
[EventRounds "9"]
[EventCountry "GER"]
[SourceTitle "EXT 2006"]
[Source "ChessBase"]
[SourceDate "2005.11.24"]
[SourceVersion "1"]
[SourceVersionDate "2005.11.24"]
[SourceQuality "1"]
[WhiteTeam "Westbevern II"]
[BlackTeam "Luedinghausen"]
[WhiteTeamCountry "GER"]
[BlackTeamCountry "GER"]

1. e4 c5 2. Nc3 d6 3. g3 Nc6 4. Bg2 g6 5. d3 Bg7 6. f4 h5 7. h3 e5 8. Nf3 Nge7 9. 0-0 Nd4 10. fxe5 dxe5 11. Be3 Qd6 12. Ne2 f5 13. c3 Nxf3+ 14. Rxf3 h4 15. gxh4 Rxh4 16. Bg5 Rh7 17. Qb3 Bf6 18. Bxf6 Qxf6 19. d4 cxd4 20. cxd4 exd4 21. exf5 gxf5 22. Nf4 d3 23. Rxd3 Qb6+ 24. Qxb6 axb6 25. a3 Ra4 26. b4 Rh4 27. Re1 Kf7 28. Rde3 Nc6 29. Nd5 f4 30. Rf1 Kg7 31. Rxf4 Rxf4 32. Nxf4 Nd4 33. Nd5 Nc2 34. Rg3+ Kf7 35. Nxb6 Nxa3 36. Nxa4 Nc2 37. Rc3 Bf5 38. b5 Nd4 39. Rc7+ Ke6 40. b6 Ne2+ 41. Kf2 Nf4 42. Rxb7 Nxg2 43. Kxg2 Be4+ 44. Kg3 Bxb7 45. Nc5+ 1-0